000 01148cam a2200325 i 4500
001 15104780
003 EG-ScBUE
005 20260301100952.0
008 071206t2008 ne a f b 001 0 eng d
020 _a9780125051033
040 _aDLC
_beng
_erda
_cDLC
_dDLC
_dEG-ScBUE
082 0 4 _a577.1
_222
_bMON
100 1 _aMonteith, John Lennox,
_eauthor.
_911193
245 1 0 _aPrinciples of Environmental Physics /
_cJohn Monteith, Mike Unsworth.
250 _aThird edition.
264 1 _aAmsterdam :
_bElsevier,
_c[2008]
264 4 _cc2008
300 _axxi, 418 pages :
_billustrations (some color) ;
_c24 cm
336 _2rdacontent
_atext
_btxt
337 _aunmediated
_2rdamedia
_bn
338 _avolume
_bnc
_2rdacarrier
504 _aIncludes bibliographical references and index.
650 7 _aBiophysics.
_2BUEsh
_911194
650 7 _aEcology.
_2BUEsh
_911195
655 _vReading book
700 1 _aUnsworth, Mike H.,
_eauthor.
_911196
856 4 1 _3Table of contents
_uhttp://www.loc.gov/catdir/toc/fy0803/2007281923.html
942 _2ddc
_cBB
999 _c13342
_d13342